00419nam a2200157Ia 4500008004100000020001800041082001200059100002200071245004100093250000900134260004100143300002800184500001900212600001500231650001500246240925s9999 xx 000 0 und d a9788131533468 a658 GRI aGriffin, Ricky W. 0aManagement: principles and practices a11th aAustralia:bCENGAGE Learningc,2013. axxxi704p.bNAfOriginal aIncludes Index aManagement aManagement